|
|
|
|
| LEADER |
00000nam0a2200000 4500 |
| 001 |
258304 |
| 005 |
20231101233302.0 |
| 035 |
|
|
|a (RuTPU)RU\TPU\book\281151
|
| 090 |
|
|
|a 258304
|
| 100 |
|
|
|a 20140423d1971 k y0rusy50 ca
|
| 101 |
0 |
|
|a rus
|
| 102 |
|
|
|a RU
|
| 105 |
|
|
|a y z 001zy
|
| 200 |
1 |
|
|a Причинность и связь состояний в физике
|f Г. А. Свечников
|g Академия наук СССР (АН СССР), Институт философии (ИФ) ; Академия наук СССР (АН СССР), Сибирское отделение (СО), Институт истории, филологии и философии
|
| 210 |
|
|
|a Москва
|c Наука
|d 1971
|
| 215 |
|
|
|a 304 с.
|
| 320 |
|
|
|a Предметный указатель: с. 297-298.
|
| 320 |
|
|
|a Именной указатель: с. 299-302.
|
| 606 |
1 |
|
|a Причинность в физике
|2 stltpush
|3 (RuTPU)RU\TPU\subj\51731
|9 70296
|
| 606 |
1 |
|
|a Физика
|x Философские проблемы
|2 stltpush
|3 (RuTPU)RU\TPU\subj\63714
|9 80692
|
| 610 |
1 |
|
|a причинные связи
|
| 610 |
1 |
|
|a взаимодействие
|
| 610 |
1 |
|
|a необходимость
|
| 610 |
1 |
|
|a всеобщность
|
| 610 |
1 |
|
|a детерминизм
|
| 675 |
|
|
|a 530.16
|v 3
|
| 675 |
|
|
|a 53:1
|v 3
|
| 700 |
|
1 |
|a Свечников
|b Г. А.
|g Геннадий Александрович
|
| 712 |
0 |
2 |
|a Академия наук СССР (АН СССР)
|b Институт философии (ИФ)
|2 stltpush
|3 (RuTPU)RU\TPU\col\11338
|
| 712 |
0 |
2 |
|a Академия наук СССР (АН СССР)
|b Сибирское отделение (СО)
|b Институт истории, филологии и философии
|c (Новосибирск)
|2 stltpush
|3 (RuTPU)RU\TPU\col\11501
|
| 801 |
|
1 |
|a RU
|b 63413507
|c 20140423
|
| 801 |
|
2 |
|a RU
|b 63413507
|c 20150506
|g RCR
|
| 942 |
|
|
|c BK
|